Epistolari de Francesc Martorell i Trabal i de Pere Bosch i Gimpera amb Ramon d'Abadal i de Vinyals i amb Ferran Valls i Taberner : 1908-1931 / Jaume Sobrequés i Callicó, Manuel J. Peláez i Albendea, Francesc Vilanova i Vila-Abadal, .. [et al] 1908-1931 / Jaume Sobrequés i Callicó, Manuel J. Peláez i Albendea, Francesc Vilanova i Vila-Abadal, .. [et al]
Descripción Física:
310 p. ; 22 cm
Otros Autores:
Sobrequés i Callicó, Jaume
Materias:
Epistolaris
MARC
| LEADER | 00000nam a2200000Ia 4500 | ||
|---|---|---|---|
| 001 | 9369 | ||
| 008 | 160829s1991 xx 000 0 cat d | ||
| 080 | |a M-3-77 | ||
| 245 | |a Epistolari de Francesc Martorell i Trabal i de Pere Bosch i Gimpera amb Ramon d'Abadal i de Vinyals i amb Ferran Valls i Taberner : |b 1908-1931 / Jaume Sobrequés i Callicó, Manuel J. Peláez i Albendea, Francesc Vilanova i Vila-Abadal, .. [et al] | ||
| 260 | |a Barcelona : |b P.P.U., Promocions Publicacions Universitàries, |c 1991 | ||
| 300 | |a 310 p. ; |c 22 cm | ||
| 490 | |a Col·lecció d'Epistolaris Catalans del segle XX | ||
| 650 | |a Epistolaris |9 34062 | ||
| 700 | |a Sobrequés i Callicó, Jaume |9 25445 | ||
| 901 | |a Arxiu | ||
| 942 | |n 1 | ||
| 952 | |0 0 |1 0 |4 0 |6 M377 |7 1 |9 46370 |a Arxiu |b Arxiu |d 2016-12-01 |l 0 |o M-3-77 |p 9369 |r 2016-12-01 00:00:00 |w 2016-12-01 |y ARXIU | ||
| 999 | |c 50155 |d 50155 | ||